| 000 | 00848nam a2200253 i 4500 | ||
|---|---|---|---|
| 001 | 129545 | ||
| 003 | ES-MaACL | ||
| 005 | 20250804082046.0 | ||
| 007 | t| | ||
| 008 | 070626s1982 sp ||||1| spa d | ||
| 080 | _a51 Peirce, Charles Sanders | ||
| 080 | _a510.6 | ||
| 100 | 1 |
_aThibaud, Pierre. _9109916 |
|
| 245 | 1 | 3 |
_aLa lógica de Charles Sanders Peirce _b: del álgebra a los gráficos / _cPierre Thibaud ; [traducido por José Miguel Gambra]. |
| 260 |
_aMadrid : _bParaninfo, _c1982. |
||
| 300 |
_a199 p. : _bil. ; _c22 cm. |
||
| 490 | 1 | _aLógica y teoría de la ciencia | |
| 600 | 1 | 4 |
_aPeirce, Charles S. _989999 |
| 650 | 7 |
_aLógica matemática _2embne _914697 |
|
| 700 | 1 |
_aGambra, José Miguel. _953774 |
|
| 830 | 0 |
_aLógica y teoría de la ciencia _9181546 |
|
| 852 |
_aES-MaACL _jL-2810 _bR.102960 |
||
| 999 |
_c129545 _d129545 |
||